000
00291nam a2200097Ia 4500
001
1204200
005
20250827022723.0
008
250824s9999 xx 000 0 und d
245
0
_a
KAPTAN DÜŞÜKDON VE SÜMÜKLÜ BİYONİK ÇOCUĞUN BÜYÜK SAVAŞI
_c
DAV PİLKEY
260
_b
ALTIN KİTAPLAR
999
_c
1204200
_d
1204200